Alles mit B (mit Hinweisen) - Statistiken

Allgemein
  • Dieses Quiz wurde 318 mal gespielt
  • Das Durchschnittsergebnis liegt bei 75 aus 100
Antwortstatistiken
Kategorie Hinweis Antwort % Korrekt
Hauptstädte Deutschland Berlin
98%
Pflanzen & Tiere Als Kuscheltier beliebt Bär
97%
Hauptstädte Schweiz Bern
96%
Länder Europa Belgien
95%
Hauptstädte Belgien Brüssel
95%
Weitere Städte Ehem. Hauptstadt der BRD Bonn
93%
Essen & Trinken Obst (gelb und krumm) Banane
92%
Essen & Trinken Obst (Apfel und...?) Birne
92%
Hauptstädte Brasilien Brasília
92%
Pflanzen & Tiere Lieblingsessen von Pandas Bambus
91%
Weitere Städte Großstadt in Spanien Barcelona / Bilbao
91%
Essen & Trinken Obst (Erd-, Brom-, Blau-) Beere
91%
Essen & Trinken Hopfen, Malz und Wasser Bier
91%
Berühmte Personen Gründer von Microsoft B{ill} G{ates}
91%
Pflanzen & Tiere Baum mit weißer Rinde Birke
91%
Länder Südamerika Brasilien
91%
Pflanzen & Tiere Schwarz-gelbes Insekt Biene
90%
Länder Südamerika Bolivien
90%
Hauptstädte Ungarn Budapest
90%
Hauptstädte Rumänien Bukarest
89%
Länder Europa Bulgarien
89%
Berühmte Personen Superheld (Fledermaus) Batman
88%
Geografisches Allerlei Seegebiet im Atlantik {Bermuda}-Dreieck
88%
Weitere Städte Geburtsort von Jesus Bethlehem
88%
Pflanzen & Tiere Größter Meeressäuger Blauwal
88%
Berühmte Personen 44. Präsident der USA B{arack} O{bama}
87%
Hauptstädte Argentinien Buenos Aires
87%
Länder Afrika Benin
86%
Weitere Städte Bundesland & Stadt in DE Bremen
86%
Essen & Trinken Laugengebäck Brezel
86%
Länder Europa Belarus
85%
Länder Europa Bosnien u. Herzegowina
85%
Berühmte Personen Ex von Angelina Jolie B{rad} P{itt}
85%
Hauptstädte Slowakei Bratislava
85%
Weitere Städte Diese Stadt existiert nicht Bielefeld
84%
Sonstiges Indische Filmindustrie Bollywood
84%
Sonstiges Fast Food-Kette Burger King
84%
Sonstiges Stellt Backwaren her Bäcker
83%
Hauptstädte Irak Bagdad
83%
Essen & Trinken Gemüse (weiße Röschen) Blumenkohl
83%
Sonstiges Dt. Autohersteller BMW
83%
Länder Nordamerika Bahamas
82%
Hauptstädte Thailand Bangkok
82%
Länder Asien Bangladesch
82%
Pflanzen & Tiere Auf Pizza / in Pesto Basilikum
82%
Pflanzen & Tiere Nagetier (große Zähne) Biber
82%
Länder Afrika Botswana
82%
Hauptstädte Serbien Belgrad
81%
Essen & Trinken Thüringer oder Nürnberger Bratwurst
81%
Länder Asien Bhutan
80%
Essen & Trinken Gemüse (grüne Röschen) Brokkoli
80%
Länder Afrika Burundi
79%
Geografisches Allerlei Estland, Lettland, Litauen Baltikum
78%
Länder Nordamerika Barbados
78%
Hauptstädte Kolumbien Bogotá
78%
Sonstiges Abschluss an der Uni Bachelor
77%
Weitere Städte Heimat von H. Grönemeyer Bochum
77%
Berühmte Personen Jüngster Wimbledon-Sieger B{oris} B{ecker}
77%
Berühmte Personen Hit me baby one more time B{ritney} S{pears}
77%
Weitere Städte Hauptstadt von Nordirland Belfast
75%
Länder Nordamerika Belize
75%
Länder Asien Brunei
75%
Länder Asien Bahrain
74%
Hauptstädte Aserbaidschan Baku
74%
Pflanzen & Tiere Weit verbreiteter Laubbaum Buche
74%
Länder Afrika Burkina Faso
74%
Geografisches Allerlei Großer See in Mitteleuropa Bodensee
73%
Berühmte Personen Bewohner von Springfield B{art} S{impson}
72%
Geografisches Allerlei Insel in Indonesien Bali
71%
Sonstiges Pharmakonzern Bayer
71%
Hauptstädte Libanon Beirut
71%
Pflanzen & Tiere Amerikanisches Wildrind Bison
68%
Pflanzen & Tiere Süßwasserfisch Barsch
66%
Berühmte Personen Verteidigungsminister B{oris} P{istorius}
66%
Essen & Trinken Mexikanischer Wrap Burrito
66%
Sonstiges Amerik. Flugzeugbauer Boeing
64%
Berühmte Personen Dt. Dramatiker und Lyriker B{ertolt} B{recht}
62%
Geografisches Allerlei Meerenge in der Türkei Bosporus
62%
Geografisches Allerlei Französische Region Bretagne
62%
Geografisches Allerlei Ostfriesische Insel Baltrum / Borkum
61%
Geografisches Allerlei Berg in Deutschland Brocken
60%
Essen & Trinken Cocktail mit Tomatensaft Bloody Mary
59%
Berühmte Personen Elefant im Neustädter Zoo B{enjamin} B{lümchen}
58%
Pflanzen & Tiere Wirkt beruhigend Baldrian
57%
Sonstiges Wund- und Heilsalbe Bepanthen
57%
Geografisches Allerlei Großer See in Russland Baikalsee
56%
Weitere Städte Hauptstadt Massachusetts' Boston
56%
Pflanzen & Tiere Blau-gelber Singvogel Blaumeise
54%
Geografisches Allerlei Ort der US-Kernwaffentests {Bikini}-Atoll
51%
Geografisches Allerlei Antike Stadt im Irak Babylon
50%
Essen & Trinken Tee mit Tapioka-Perlen Bubble Tea
50%
Pflanzen & Tiere Afrikan. / Asiatisches Rind Büffel
48%
Pflanzen & Tiere Hautausschlag bei Kontakt Brennnessel
44%
Hauptstädte Südafrika Bloemfontein
41%
Essen & Trinken Indonesisches Nudelgericht Bami-Goreng
40%
Essen & Trinken Französische Soße Béchamel
38%
Geografisches Allerlei Randmeer im Nordpazifik Beringsee / -meer
37%
Geografisches Allerlei Daraus enstand Istanbul Byzanz
32%
Essen & Trinken Gemüse (lang oder oval) Bohne
30%
Essen & Trinken Zitronenlimo mit Chinin Bitter Lemon
23%
Keine übereinstimmenden Quizze gefunden
Verteilung der Resultate
Anzahl Personen mit jedem Resultat
Perzentil nach korrekt beantworteten Fragen
Ihre Resultats-Entwicklung
Sie haben dieses Quiz noch nicht gespielt